Регионална библиотека "Любен Каравелов" - Русе

Английско-български компютърен речник (Запис номер 84154)

MARC детайли
000 -Лидер
Контролно поле с фиксирана дължина 01717nam a2200385 c 4500
003 - Код на организацията, давaща контролен номер
Контролно поле BLK
005 - Дата и час на последна редакция
Контролно поле 20180420224810.0
008 - Елементи от данни с фиксирана дължина
fixed length control field 180408b bul|||||r ||||||| ||bul||
010 ## - Наследен системен номер
LC control number KNG00088720000
020 ## - Международен стандартен номер на книга ISBN
Международен стандартен номер на книга ISBN 978-954-528-780-0
-- издат.: Труд
020 ## - Международен стандартен номер на книга ISBN
Международен стандартен номер на книга ISBN 978-954-685-739-2
-- издат.: СофтПрес
040 ## - Източник на каталожния запис
Идентификатор на билиотеката - собственик на записа BLK
041 ## - Код за език
Код за езика на текст/звукозапис или на отделно заглавие Български
Код за езика КДБФ Български
080 ## - УДК
Текстов определител УДК Автоматични цифрови електронноизчислителни машини. Миникомпютри. Микрокомпютри
УДК код - определител по УДК 681.322
УДК определител (038.1)=20=867
УДК - код + определител 681.322(038.1)=20=867
080 ## - УДК
Текстов определител УДК Различни категории думи
УДК код - определител по УДК 81`373.4
УДК определител =20=867:681.322
УДК - код + определител 81`373.4=20=867:681.322
100 1# - Редна дума - Автор
Автор Колин, Питър
Авторска отговорност първи автор
R(LIN) 301279
139 ## - Редно поле
Редна дума Колин, Питър
Авторски знак Колев - К 78
245 10 - Сведения за заглавието
Заглавие Английско-български компютърен речник
Редно поле (дума) Питър Колин; прев. Диан Ангелов.
257 ## - Страна на издаване
Страна на създаване/издаване Съединени американски щати
260 ## - Област на издателските данни
-- София
Име на издателя, разпространителя и проч. Труд
-- СофтПрес
Година на издаване 2008
Печатница София : Монт
300 ## - Физическа характеристика
Страници 511 с.
Размери/Мащаб 21 см
380 ## - Жанр
Жанр Техника
500 ## - Общи забележки
Забележка Ориг. загл. Dictionary of Computer Science / Peter Cоllin.
650 #4 - Допълнително описание по предмет – тема
Основно описание – тема или топоним ЕИМ - терминология - речници
9 (RLIN) 265414
650 #4 - Допълнително описание по предмет – тема
Основно описание – тема или топоним Английски език - речници, английско-български
9 (RLIN) 241873
653 ## - Ключова дума – ненормативна
Ключова дума ЕИМ
653 ## - Ключова дума – ненормативна
Ключова дума терминологични речници
653 ## - Ключова дума – ненормативна
Ключова дума английско-български речници
700 1# - Други автори (авторска отговорност)
Лично име Ангелов, Диан
Автороска отговорност (Описва отношението между автора и произведението) прев.
9 (RLIN) 301280
852 ## - Местоположение
Форматна сигнатура Цб 243519
856 4# - Електронен адрес и достъп
Електронен формат pdf - файл
Път до файла /url/
856 4# - Електронен адрес и достъп
Електронен формат pdf - файл
Път до файла /url/
942 ## - АРТИКУЛИ
Вид на библиотечния материал Книги
Скрит в OPAC Не
944 ## - СЪЗДАВАНЕ И РЕДАКЦИЯ на ЗАПИСА
Създаване/Редакция Създаване
Дата на регистрацията/редакция 02.04.2009
Статус, дата на статуса ф /
Служител, извършил регистрацията/редакцията Кети_Илиева
944 ## - СЪЗДАВАНЕ И РЕДАКЦИЯ на ЗАПИСА
Създаване/Редакция Редакция
Дата на регистрацията/редакция 23.01.2013
Статус, дата на статуса ф /
Служител, извършил регистрацията/редакцията
999 ## - СИСТЕМНИ КОНТРОЛНИ НОМЕРА
Koha biblionumber 84154
Koha biblioitemnumber 84154
Наличности
Код за отписване Код за изгубен артикул Код за повреда Коз за рестрикции Код за отдаване Артикулен № Име на библиотеката - собственик Име на библиотеката, в която се намира в момента Статус (Текущо местоположение) Дата на вписване в системата Местоположение - отдел Цена в лева Инвентарен номер Систематично азбучна сигнатура Баркод Номер на екземпляра Цена в евро Служебна бележка Служебен тип на артикула Източник на класификационната схема
  Не е изгубен Не е повреден без рестрикции ползва се в читалня 136648 Регионална библиотека "Любен Каравелов" Русе Регионална библиотека "Любен Каравелов" Русе Хранилище 2009-04-02 Хранилище 24.99 120000734754 Цб 243519 120000734754 1 12.78 Дост: Dp Вид: Д N: 44 Дата: 15.10.2008 Книги  
  Не е изгубен Не е повреден без рестрикции ползва се в читалня 136649 Регионална библиотека "Любен Каравелов" Русе Регионална библиотека "Любен Каравелов" Русе Читалня - справочен фонд 2011-12-16 Читалня 24.99 120000755147 СЧ 681.3(038)=20/К 78 120000755147 2 12.78 Дост: Pk Вид: Ф N: 251 Дата: 15.12.2011 Дата инв: 29.03.2017 Бележки инв: СЧ2017 Книги Universal Decimal Classification
Vip Innovations Ltd, Rousse, Bulgaria 2025